Statistics for British Monarchs

Click here to take the quiz!

General Stats

  • This quiz has been taken 35 times
  • The average score is 13 of 27

Answer Stats

How Many Times?Monarch% Correct
2Elizabeth
100%
6George
100%
8Henry
100%
4William
100%
11Edward
87%
2James
87%
1Mary
87%
2Charles
83%
1John
83%
3Richard
83%
1Victoria
80%
1Anne
63%
1Stephen
50%
2Harold
43%
1Alfred
40%
1Canute
27%
2Edmund
27%
2Aethelred
17%
1Harthacanute
17%
1Edgar
13%
1Athelstan
10%
1Eadred
10%
1Eadwig
10%
1Aethelbald
7%
1Aethelbert
7%
1Egbert
7%
1Aethelwulf
3%

Score Distribution

Percentile by Number Answered

Percent of People with Each Score

Your Score History

You have not taken this quiz